000
00213 a2200097 4500
001
47973
100
_a
Nadvi
245
_a
Tajdeed Taswaf wa Salook
260
_a
Karachi
_b
Nafees academy
_c
090
_c
30965
_d
30965
942
_a
NUST-CAE
_c
M
_c
23297
999
_c
283046
_d
283046